Ensayo valorativo del existencialismo (Record no. 108890)

MARC details
000 -LEADER
campo de control de longitud fija 00564nam a2200157 4500
001 - NÚMERO DE CONTROL
campo de control 108890
003 - IDENTIFICADOR DE NÚMERO DE CONTROL
campo de control ES-MaACL
005 - FECHA Y HORA DE LA ÚLTIMA TRANSACCIÓN
campo de control 20230906184731.0
007 - CAMPO FIJO DE DESCRIPCIÓN FÍSICA--INFORMACIÓN GENERAL
campo de control de longitud fija t|
008 - DATOS DE LONGITUD FIJA--INFORMACIÓN GENERAL
campo de control de longitud fija 061121s1952 sp r ||||1| spa d
100 1# - ENTRADA PRINCIPAL--NOMBRE DE PERSONA
Nombre de persona Monzo Pales, Onofre.
9 (RLIN) 82774
245 10 - MENCIÓN DEL TÍTULO
Título Ensayo valorativo del existencialismo
Resto del título : ( discurso leído en la apertura del curso 1952-53 en el Seminario Diocesano de Ciudad Real /
Mención de responsabilidad, etc. Onofre Monzo Pales.
260 ## - PUBLICACIÓN, DISTRIBUCIÓN, ETC.
Lugar de publicación, distribución, etc. Ciudad Real :
Nombre del editor, distribuidor, etc. Instituto de Estudios Manchegos,
Fecha de publicación, distribución, etc. 1952.
300 ## - DESCRIPCIÓN FÍSICA
Extensión 32 p. ;
Dimensiones 25 cm.
852 ## - LOCALIZACIÓN
Ubicación ES-MaACL
Número de control de estantería 1961-F-27
Sublocalización o colección R.34373
Holdings
Estatus retirado Estado de pérdida Estado de daño No para préstamo Colección Biblioteca de origen Biblioteca actual Ubicación en estantería Fecha de adquisición Fuente de adquisición Total de préstamos Signatura topográfica completa Código de barras Visto por última vez Precio de reemplazo Tipo de ítem Koha
        Colección de folletos Biblioteca del Ateneo de Madrid Biblioteca del Ateneo de Madrid Depósito folletos 17/01/2008     1961-F-27 1113622 23/02/2023 23/02/2023 Folleto